|
|
|
|
| LEADER |
00841nam a22002177a 4500 |
| 001 |
AAL7291 |
| 003 |
BD-DhAAL |
| 005 |
20171012112629.0 |
| 008 |
171012b20012007B ||||| |||| 00| 0 eng d |
| 999 |
|
|
|c 38429
|d 38429
|
| 040 |
|
|
|a BD-DhAAL
|c BD-DhAAL
|
| 082 |
|
|
|a 822/.9109
|
| 100 |
|
|
|a Banerjee, Sanjoy
|9 22501
|
| 245 |
|
|
|a A study guide to modern drama /
|c Sanjoy Banerjee
|
| 260 |
|
|
|a Dhaka :
|b Friends' book corner,
|c 2007
|
| 300 |
|
|
|a xvi, 224 p. ;
|c 22 cm.
|
| 541 |
|
|
|e 7291
|
| 650 |
|
|
|a English drama
|v Handbooks, manuals, etc.
|x History and criticism
|y 20th century
|9 22502
|
| 852 |
|
|
|a Savar Campus Library
|c General Shelf
|
| 942 |
|
|
|2 ddc
|c BK
|
| 952 |
|
|
|0 0
|1 3
|2 ddc
|4 0
|6 822_000000000000000__9109_BAN
|7 0
|9 61561
|a SCL
|b SCL
|c GEN
|d 2017-10-12
|e Friends' Book Corner
|g 150.00
|l 1
|m 5
|o 822.9109 BAN
|p 3020007291
|r 2018-07-09
|s 2018-05-16
|t 1
|w 2017-10-12
|y BK
|